000 01686cam a2200433 a 4500
003 CHAP
005 20220329142111.0
008 990624d1997 mx r 10110 spa d
010 _a78444
011 _a79416
020 _a9688844489
035 _a89644
040 _cCHAP
082 0 4 _a630.63
_bC62p 1997
111 0 0 _aCongreso Nacional Agropecuario y Forestal : por un Desarrollo Rural Sustentable
_n(2 :
_d1997 :
_cChapingo, Méx.)
_926892
245 1 0 _aPrograma general y resúmenes
_c/ed. por Joel Pérez Nieto y Ramés Salcedo Baca
260 _aChapingo, Méx. :
_bUACH,
_c1997.
300 _a228 p.
590 _aBATCH-UPD
_b10
_c20130110
_lUCH01
_h0016
590 _aBATCH-UPD
_b10
_c20130110
_lUCH01
_h0511
590 _aBATCH-UPD
_b10
_c20130110
_lUCH01
_h2314
590 _aBATCH-UPD
_b10
_c20130409
_lUCH01
_h1954
590 _aBATCH-UPD
_b10
_c20130410
_lUCH01
_h0822
590 _aBATCH-UPD
_b10
_c20130914
_lUCH01
_h0313
590 _aCONVERSION
_b10
_c20130109
_lUCH01
_h1343
650 1 4 _aAgricultura sustentable
_xCongresos.
_92014
650 1 4 _aAgricultura
_xCongresos
_zMexico.
_91377
650 1 4 _aBosques
_xCongresos.
_914116
650 1 4 _aDesarrollo sustentable
_xCongresos.
_932085
700 0 _aPérez Nieto, Joel.
_989883
700 0 _aSalcedo Baca, Ramés.
_9101494
901 _aBK
905 _aGuadalupe Pinto C.
942 _cLIBRO
949 _a630.63 C62p 1997
_bBC
_cCONG
_d896442
_eCONG
_fc.2
_h95901
_i89644
_sb
949 _a630.63 C62p 1997
_bBC
_cLIBRO
_d33724000728333
_eLIBRO
_h95900
_i89644
_sb
949 _a630.63 C62p 1997
_bBC
_cLIBRO
_d33724000855029
_eLIBRO
_fc.4
_h101428
_i89644
_si
949 _a630.63 C62p 1997
_bBC
_cUACH
_d896443
_eUACH
_fc.3
_h95902
_i89644
_sb
999 _c78444
_d78444